000
00167nam a22000857a 4500
082
_a
823
100
_a
EMILY RODA
245
_a
DELTOLA QUEST MAZE OF THE BEAST
942
_c
BK
999
_c
8292
_d
8292